|
|
|
|
| LEADER |
02219nam a2200493 4500 |
| 001 |
ocn930704135 |
| 003 |
OCoLC |
| 005 |
20180501122027.0 |
| 006 |
m o d |
| 007 |
cr cnu---unuuu |
| 008 |
151201s2015 ne a ob 001 0 eng d |
| 040 |
|
|
|a N$T
|b eng
|e rda
|e pn
|c N$T
|d UIU
|d OCLCO
|d IDEBK
|d OPELS
|d AZS
|d YDXCP
|d OCLCO
|d CDX
|d N$T
|d OCLCF
|d OCLCO
|d EBLCP
|d BUF
|d OCLCO
|d OCLCQ
|d OCLCO
|d CUS
|d OCLCO
|d OCL
|d OCLCO
|d FEM
|d OCLCQ
|d ESU
|d CASUM
|d GrThAP
|
| 019 |
|
|
|a 929881610
|a 968099268
|a 969050677
|
| 020 |
|
|
|a 9780128030806
|q (electronic bk.)
|
| 020 |
|
|
|a 0128030801
|q (electronic bk.)
|
| 020 |
|
|
|a 0128030488
|
| 020 |
|
|
|a 9780128030486
|
| 035 |
|
|
|a (OCoLC)930704135
|z (OCoLC)929881610
|z (OCoLC)968099268
|z (OCoLC)969050677
|
| 050 |
|
4 |
|a RS425
|
| 072 |
|
7 |
|a MED
|x 071000
|2 bisacsh
|
| 082 |
0 |
4 |
|a 615.1/9
|2 23
|
| 049 |
|
|
|a TEFA
|
| 245 |
0 |
0 |
|a Isotope labeling of biomolecules :
|b labeling methods /
|c edited by Zvi Kelman.
|
| 264 |
|
1 |
|a Amsterdam, Netherlands :
|b Elsevier/Academic Press,
|c 2015.
|
| 300 |
|
|
|a 1 online resource (xx, 614 pages) :
|b illustrations.
|
| 336 |
|
|
|a text
|b txt
|2 rdacontent
|
| 337 |
|
|
|a computer
|b c
|2 rdamedia
|
| 338 |
|
|
|a online resource
|b cr
|2 rdacarrier
|
| 347 |
|
|
|a text file
|2 rda
|
| 490 |
1 |
|
|a Methods in enzymology,
|x 0076-6879 ;
|v volume 565
|
| 504 |
|
|
|a Includes bibliographical references and index.
|
| 588 |
0 |
|
|a Print version record.
|
| 520 |
|
|
|a Isotope Labeling of Biomolecules - Labeling Methods, the latest volume of the Methods in Enzymology series contains comprehensive information on stable isotope labeling methods and applications for biomolecules.
|
| 650 |
|
0 |
|a Biomolecules
|x Analysis.
|
| 650 |
|
0 |
|a Stable isotope tracers.
|
| 650 |
|
7 |
|a MEDICAL
|x Pharmacology.
|2 bisacsh
|
| 650 |
|
7 |
|a Biomolecules
|x Analysis.
|2 fast
|0 (OCoLC)fst00832625
|
| 650 |
|
7 |
|a Stable isotope tracers.
|2 fast
|0 (OCoLC)fst01131234
|
| 650 |
1 |
2 |
|a Isotope Labeling
|x methods.
|
| 655 |
|
4 |
|a Electronic books.
|
| 700 |
1 |
|
|a Kelman, Zvi,
|e editor.
|
| 776 |
0 |
8 |
|i Print version:
|a Kelman, Zvi.
|t Isotope labeling of biomolecules
|z 0128030488
|w (OCoLC)913923613
|
| 830 |
|
0 |
|a Methods in enzymology ;
|v v. 565.
|
| 856 |
4 |
0 |
|u https://www.sciencedirect.com/science/bookseries/00766879/565
|z Full Text via HEAL-Link
|